| 000 | 01119nam a22002177a 4500 | ||
|---|---|---|---|
| 999 |
_c19542 _d19542 |
||
| 003 | AR-CdUCM | ||
| 008 | 190517b ||||| |||| 00| 0 spa d | ||
| 040 |
_aMUNICIPALIDAD PROVINCIAL DEL CUSCO _cBIBLIOTECA MUNICIPAL DEL CUSCO |
||
| 082 |
_a341 / _bC83 |
||
| 100 |
_aCossio, Carlos _939128 |
||
| 245 | _aLa teoría egológica del derecho y el concepto jurídico de libertad / | ||
| 260 |
_aBuenos Aires : _bLosada, _c1944. |
||
| 300 |
_a448 páginas ; _c21 cm. |
||
| 440 |
_aBiblioteca del Instituto Argentino de Filosofía jurídica y Social. _940944 |
||
| 505 | _aContenido: Fenomenología de la sentencia -- Problemática de la concepción egológica de derecho y discusión sobre la libertad -- La tarea de la filosofía del derecho en la concepción egológica -- Las especificaciones de la libertad en el derecho -- Primeras glosas a la réplica de García Máynez: glosas lógicas y ontológicas -- Segundas glosas a la réplica de García Máynez -- Conclusión ... | ||
| 650 |
_aDerecho _9739 |
||
| 650 |
_aFilosofía _9395 |
||
| 650 |
_aTeoría _95077 |
||
| 942 |
_2ddc _cLIBROS |
||
| 945 |
_aachl _d2019-05-17 |
||